<?xml version="1.0" encoding="UTF-8"?>
<record
    xmlns:xsi="http://www.w3.org/2001/XMLSchema-instance"
    xsi:schemaLocation="http://www.loc.gov/MARC21/slim http://www.loc.gov/standards/marcxml/schema/MARC21slim.xsd"
    xmlns="http://www.loc.gov/MARC21/slim">

  <leader>01110nam a2200277 a 4500</leader>
  <controlfield tag="001">55366</controlfield>
  <controlfield tag="003">BD-TJUL</controlfield>
  <controlfield tag="005">20211209080244.0</controlfield>
  <controlfield tag="008">161116s1970    enk      bs   000 0 eng  </controlfield>
  <datafield tag="020" ind1=" " ind2=" ">
    <subfield code="a">0521077192</subfield>
  </datafield>
  <datafield tag="035" ind1=" " ind2=" ">
    <subfield code="a">(BD-TJUL)55488</subfield>
  </datafield>
  <datafield tag="040" ind1=" " ind2=" ">
    <subfield code="a">DLC</subfield>
    <subfield code="c">DLC</subfield>
    <subfield code="d">m.c</subfield>
    <subfield code="d">BD-TJUL</subfield>
    <subfield code="b">eng</subfield>
  </datafield>
  <datafield tag="041" ind1=" " ind2=" ">
    <subfield code="a">eng</subfield>
  </datafield>
  <datafield tag="082" ind1=" " ind2=" ">
    <subfield code="2">23</subfield>
    <subfield code="a">339.0942</subfield>
    <subfield code="b">BOA 1970</subfield>
  </datafield>
  <datafield tag="100" ind1="1" ind2=" ">
    <subfield code="a">Bowers, J. K.</subfield>
    <subfield code="q">(John Kenneth),</subfield>
    <subfield code="d">1938-</subfield>
    <subfield code="9">164927</subfield>
  </datafield>
  <datafield tag="245" ind1="1" ind2="4">
    <subfield code="a">The Anatomy of Regional Activity Rates :</subfield>
    <subfield code="b">Regional Social Accounts for the United Kingdom /</subfield>
    <subfield code="c">by John Bowers; by V.H.Woodward, with a foreword by A.J.Brown</subfield>
  </datafield>
  <datafield tag="260" ind1=" " ind2=" ">
    <subfield code="a">Cambridge :</subfield>
    <subfield code="b">University Press,</subfield>
    <subfield code="c">1970</subfield>
  </datafield>
  <datafield tag="300" ind1=" " ind2=" ">
    <subfield code="a">xiv, 176 p. ;</subfield>
    <subfield code="c">23 cm</subfield>
  </datafield>
  <datafield tag="504" ind1=" " ind2=" ">
    <subfield code="a">Includes bibliographical references</subfield>
  </datafield>
  <datafield tag="650" ind1=" " ind2="0">
    <subfield code="a">National income</subfield>
    <subfield code="z">Great Britain</subfield>
    <subfield code="9">139249</subfield>
  </datafield>
  <datafield tag="650" ind1=" " ind2="0">
    <subfield code="a">Gross national product</subfield>
    <subfield code="z">Great Britain</subfield>
    <subfield code="9">164928</subfield>
  </datafield>
  <datafield tag="700" ind1="1" ind2="2">
    <subfield code="a">Woodward, V. H.</subfield>
    <subfield code="t">Regional social accounts for the United Kingdom. 1970.</subfield>
    <subfield code="9">164929</subfield>
  </datafield>
  <datafield tag="740" ind1="0" ind2=" ">
    <subfield code="a">Regional social accounts for the United Kingdom</subfield>
  </datafield>
  <datafield tag="830" ind1=" " ind2="0">
    <subfield code="a">Regional papers (National Institute of Economic and Social Research) ;</subfield>
    <subfield code="v">1</subfield>
    <subfield code="9">164933</subfield>
  </datafield>
  <datafield tag="942" ind1=" " ind2=" ">
    <subfield code="2">ddc</subfield>
    <subfield code="c">BK</subfield>
  </datafield>
  <datafield tag="999" ind1=" " ind2=" ">
    <subfield code="c">55366</subfield>
    <subfield code="d">55366</subfield>
  </datafield>
  <datafield tag="952" ind1=" " ind2=" ">
    <subfield code="0">0</subfield>
    <subfield code="1">0</subfield>
    <subfield code="2">ddc</subfield>
    <subfield code="4">0</subfield>
    <subfield code="7">0</subfield>
    <subfield code="8">NFIC</subfield>
    <subfield code="a">RUCL</subfield>
    <subfield code="b">RUCL</subfield>
    <subfield code="c">Stack</subfield>
    <subfield code="d">1985-04-30</subfield>
    <subfield code="e">TULIP</subfield>
    <subfield code="g">138.50</subfield>
    <subfield code="l">0</subfield>
    <subfield code="o">339.0942 BOA 1970</subfield>
    <subfield code="r">2016-11-16 00:00:00</subfield>
    <subfield code="t">C-2</subfield>
    <subfield code="w">2016-11-16</subfield>
    <subfield code="y">BK</subfield>
  </datafield>
  <datafield tag="952" ind1=" " ind2=" ">
    <subfield code="0">0</subfield>
    <subfield code="1">0</subfield>
    <subfield code="2">ddc</subfield>
    <subfield code="4">0</subfield>
    <subfield code="7">1</subfield>
    <subfield code="8">NFIC</subfield>
    <subfield code="a">RUCL</subfield>
    <subfield code="b">RUCL</subfield>
    <subfield code="c">Reading</subfield>
    <subfield code="d">1985-04-30</subfield>
    <subfield code="e">Tulip, Toppon</subfield>
    <subfield code="g">138.50</subfield>
    <subfield code="l">0</subfield>
    <subfield code="o">339.0942 BOA 1970</subfield>
    <subfield code="r">2017-03-19 00:00:00</subfield>
    <subfield code="t">C-1</subfield>
    <subfield code="w">2017-03-19</subfield>
    <subfield code="y">BK</subfield>
  </datafield>
</record>
